Špičková kvalita v SR a dimenzie značky

Pohľad na značku a jej image. Vnímanie značiek u slovenských spotrebiteľov. Výsledky z prieskumu zameraného na zistenie značiek, výrobcov a spoločností, ktoré sú vo vedomí slovenskej populácie ako značky špičkovej kvality. Porovnanie výsledkov s rokom 1996. Symboly špičkovej kvality.

Salvato in:
Dettagli Bibliografici
Autore principale: Faith, Ladislav
Natura: Capitolo di libro
Lingua:slovacco
Soggetti:
Tags: Aggiungi Tag
Nessun Tag, puoi essere il primo ad aggiungerne!!

MARC

LEADER 00000naa a2200000 4500
001 r034586
005 20230929100004.9
041 0 |a slo 
044 |a SK 
245 1 0 |a Špičková kvalita v SR a dimenzie značky  |c Ladislav Faith 
520 |a Pohľad na značku a jej image. Vnímanie značiek u slovenských spotrebiteľov. Výsledky z prieskumu zameraného na zistenie značiek, výrobcov a spoločností, ktoré sú vo vedomí slovenskej populácie ako značky špičkovej kvality. Porovnanie výsledkov s rokom 1996. Symboly špičkovej kvality. 
610 2 0 |a značky výrobné 
610 2 0 |a imidž 
610 2 0 |a spotrebitelia 
610 2 0 |a Slovensko 
610 2 0 |a prieskum spotrebiteľský 
610 2 0 |a 1996-1998 
100 1 |a Faith, Ladislav